Introduction to fish physiology

This book describes in general how fish function, particularly at the level of organs and organ system. Fish are typical vertebrates differing only slightly from humans, their auatic environment imposes strict requirements or offers unique opportunites which have resulted in some most unusual funct...

全面介紹

Đã lưu trong:
書目詳細資料
主要作者: Smith, Lynwood S.
格式: 圖書
語言:Undetermined
出版: New Jersey, US Published by Argent Laboratories 1991
主題:
標簽: 添加標簽
沒有標簽, 成為第一個標記此記錄!
Thư viện lưu trữ: Trung tâm Học liệu Trường Đại học Cần Thơ
LEADER 00969nam a2200229Ia 4500
001 CTU_126624
008 210402s9999 xx 000 0 und d
082 |a 591.1 
082 |b S649 
100 |a Smith, Lynwood S. 
245 0 |a Introduction to fish physiology 
245 0 |c Lynwood S. Smith 
260 |a New Jersey, US 
260 |b Published by Argent Laboratories 
260 |c 1991 
520 |a This book describes in general how fish function, particularly at the level of organs and organ system. Fish are typical vertebrates differing only slightly from humans, their auatic environment imposes strict requirements or offers unique opportunites which have resulted in some most unusual functions having no counterpart in man. 
526 |a Chuyên đề tổng hợp kiến thức cơ sở 
526 |b TSN607 
650 |a Fish 
650 |x Physiology 
904 |i M.Loan 
980 |a Trung tâm Học liệu Trường Đại học Cần Thơ